• 首页
  • 本馆介绍
  • 公告通知
  • 最新文献
  • 馆藏检索
  • 电子资源
  • 读者导购
  • 参考咨询
  • 我的图书馆
  • 登录
  • 详细信息显示
  • 放入我的书架
  • 预约/预借图书
  • 作者相关作品
  • 分类相关作品
  • 丛书相关作品
  • 出版社相关作品

书目信息

  • 表格格式
  • 工作单格式
  • 卡片格式
书名: An Introduction to subject indexing
作者: D W LANGRIDGE,J MILLS.
分册号:
分册名:
出版地: LONDON :
 
出版社: CLIVE BINGLEY
出版时间: c1982.
页数:
开本: 20cm.
丛书名:
中图分类号:
科图分类号:
其他分类号: G254.2
主题词:
电子资源:
000 00443nam 2200169 a 4500
001 E0733176031
005 20070426091854.01
008 070426s1982 00010 eng
020    @a0-85157-331-2.
040    @aPFT@beng
090    @aG254.2
099    @dG254.2@ex10
242    @a主题标引入门
245 1  @aAn Introduction to subject indexing / @cD W LANGRIDGE,J MILLS.
250    @a2nd ed.
260    @aLONDON :@bCLIVE BINGLEY,@cc1982.
300    @c20cm.
    
    An Introduction to subject indexing / / D W LANGRIDGE,J MILLS.-2nd ed.-LONDON : : CLIVE BINGLEY, , c1982.
    20cm.
    
    
    ISBN 0-85157-331-2.
    
●
相关链接 在E读中查询图书 在五车中查询图书 在当当中查询图书 在豆瓣中查询图书


正题名:An Introduction to subject indexing     索取号:G254.2/x10         预约/预借

序号 登录号 条形码 馆藏地/架位号 状态 备注
1 182528   001170404   第二样本阅览室/ [索取号:G254.2/x10] 在馆    
唐山师范学院图书馆 欢迎您!
大连网信软件有限公司© 版权所有